|
|
|
|
| LEADER |
00000nam a2200000 a 4500 |
| 001 |
vtls001429833 |
| 003 |
SK-MaSNL |
| 005 |
20260311123736.0 |
| 008 |
240226s1955 xr f n 000 0 cze |
| 015 |
|
|
|a SNBA1955
|
| 035 |
|
|
|a SNK000384852
|
| 035 |
|
|
|a urn:nbn:sk:snk-am3hxi4
|
| 035 |
|
|
|a 3782AE36-C63E-40C0-871D-0AC737CC4621
|
| 035 |
|
|
|a urn:nbn:sk:snk-am00dcie
|
| 040 |
|
|
|a SNK
|b slo
|c SNK
|e AACR2
|
| 041 |
0 |
|
|a cze
|
| 043 |
|
|
|a e-cs---
|
| 044 |
|
|
|a xr
|c CZ
|
| 080 |
|
|
|a 027.021
|2 2011
|
| 080 |
|
|
|a 021.6
|2 2011
|
| 080 |
|
|
|a (437)
|2 2011
|
| 080 |
|
|
|a (082)
|2 2011
|
| 100 |
1 |
|
|a Drtina, Jaroslav,
|d 1908-1967
|4 aut
|9 63856
|
| 245 |
1 |
0 |
|a Úloha knihoven v kulturní revoluci
|b X. sjezd KSČ a úkoly vědeckých knihoven v dalším rozvoji čs. knihovnictví
|c Jaroslav Drtina, Miloň Konvalinka, Juraj Paška
|
| 250 |
|
|
|a 1. vyd.
|
| 260 |
|
|
|a Praha
|b Státní pedagogické nakladatelství
|c 1955
|
| 300 |
|
|
|a 74 s.
|c 21 cm
|
| 366 |
|
|
|e 2200 kusov
|
| 490 |
1 |
|
|a Edice Národní knihovny v Praze
|v Sv. 4
|
| 504 |
|
|
|a Bibliografia na strane 74
|
| 650 |
0 |
7 |
|a vedecké knižnice
|2 SNKPH
|9 49795
|
| 650 |
0 |
7 |
|a rozvoj knižníc
|2 SNKPH
|9 82796
|
| 651 |
|
7 |
|a Československo
|2 SNKPHgeo
|9 21376
|
| 655 |
|
7 |
|a zborníky
|2 SNKPH
|9 70165
|
| 830 |
|
0 |
|a Edice Národní knihovny v Praze
|9 287975
|
| 852 |
|
|
|a Slovenská národná knižnica
|
| 954 |
|
|
|a odborná, vedecká literatúra cudzojazyčná (svetová)
|2 lita
|
| 958 |
|
|
|a CZ
|
| 958 |
|
|
|a NB
|
| 958 |
|
|
|a KL
|
| 958 |
|
|
|a OND
|
| 958 |
|
|
|a EUIPO
|
| 999 |
|
|
|c 641542
|d 643472
|
| 952 |
|
|
|a SNK
|b SNK
|y PREZ
|7 0
|p 17A0779839
|o snkSC 6103
|i snk6546/55
|0 0
|1 0
|4 0
|d 2011-12-11
|f 1
|l 0
|r 2025-07-04 00:00:00
|w 2026-02-23
|
| 952 |
|
|
|t P60, <04>, [BOOK], {604}
|a SNK
|b SNK
|y VYP
|7 0
|p 17A0335293
|o snkSC 6103 D2
|i snkD 882/60
|0 0
|1 0
|4 0
|d 2002-02-25
|l 0
|r 2005-01-02 00:00:00
|w 2026-02-23
|